书目信息 |
| 题名: |
十日谈续编
|
|
| 作者: | 冀刚 , 力冈 译 | |
| 分册: | ||
| 出版信息: | 杭州 浙江文艺出版社 1988.09 |
|
| 页数: | 340页 | |
| 开本: | 32开 | |
| 丛书名: | ||
| 单 册: | ||
| 中图分类: | B46 | |
| 科图分类: | ||
| 主题词: | 哲学--非洲 | |
| 电子资源: | ||
| ISBN: | 7-5339-0123-1 | |
| 000 | 00549nam0 2200205 45 | |
| 001 | 0006151146 | |
| 005 | 20000619164256.8 | |
| 010 | @a7-5339-0123-1@d6.25元 | |
| 100 | @a20000615d1988 km y0chiy0120 ea | |
| 101 | 0 | @achi |
| 105 | @a z 000yy | |
| 200 | 1 | @a十日谈续编@AShi Ri Tan Xu Bian@f冀刚,力冈译@FJi Gang,Li Gang Yi |
| 210 | @a杭州@c浙江文艺出版社@d1988.09 | |
| 215 | @a340页@d32开 | |
| 606 | 0 | @a哲学@x非洲 |
| 690 | @aB46@v3 | |
| 701 | 0 | @a冀刚@4译 |
| 701 | 0 | @a力冈@4译 |
| 801 | @aCN@bPftUser@c20000615 | |
| 905 | @dB46@eJ.145@b206115@f1 | |
| 十日谈续编/冀刚,力冈译.-杭州:浙江文艺出版社,1988.09 |
| 340页;32开 |
| ISBN 7-5339-0123-1:6.25元 |
| ● |
| 相关链接 |
|
|
|
正题名:十日谈续编
索取号:B46/J.145
 
预约/预借
| 序号 | 登录号 | 条形码 | 馆藏地/架位号 | 状态 | 备注 |
| 1 | 206115 | 202061151 | 社科库509/509社科库 16排2列3层/ [索取号:B46/J.145] | 在馆 |